000 00300nam a2200121Ia 4500
008 190216s9999||||xx |||||||||||||| ||und||
100 _aManikath J
245 0 _aMadhya Kala European Thathua Chindha
260 _bKerala Bhasha Institute
_c1978
300 _a278p
650 _aEconomics
942 _cBK
999 _c40252
_d40252